Texas forum on civil liberties & civil rights a publication of the University of Texas School of Law and the Individual Rights and Responsibilities Section of the State Bar of Texas.

Detalles Bibliográficos
Nuevo Título:Texas journal on civil liberties & civil rights (Online)
Autores Corporativos: University of Texas at Austin. School of Law, State Bar of Texas. Individual Rights and Responsibilities Section
Formato: Electrónico Revista
Lenguaje:inglés
Publicado: Austin, Tex. : University of Texas School of Law
Materias:
Acceso en línea:Full text available from Research Library: 01/01/2000 to Spring 2003

MARC

LEADER 00000nas a2200000 a 4500
001 ssj0014297
003 WaSeSS
005 20200512172242.0
006 m d
007 cr n
008 050614d19932003txufr p sg s0 0eng c
010 |a  2007266151 
016 7 |a 2093825-1  |2 DE-600 
022 |y 1085-942X 
035 |a (WaSeSS)ssj0014297 
040 |a OCLCS  |b eng  |c OCLCS  |d DOS  |d HEBIS  |d OCLCA  |d OCLCQ  |d SERSO  |d OCLCQ  |d OCLCF  |d OCLCO  |d OCLCQ  |d WT2  |d OCLCA  |d NTG  |d OCLCQ  |d AU@  |d VT2  |d OCLCQ  |d WaSeSS 
042 |a pcc 
043 |a n-us---  |a n-us-tx 
050 4 |a K24  |b .E915 
082 0 4 |a 323/.0973/05  |2 21 
130 0 |a Texas forum on civil liberties & civil rights (Online) 
245 1 0 |a Texas forum on civil liberties & civil rights  |h [electronic resource] :  |b a publication of the University of Texas School of Law and the Individual Rights and Responsibilities Section of the State Bar of Texas. 
246 1 3 |a Texas forum on civil liberties and civil rights 
260 |a Austin, Tex. :  |b University of Texas School of Law 
310 |a Semiannual 
362 1 |a Began with vol. 1, no. 1 (fall 1993); ceased with v. 8, no. 1 (spring 2003). 
506 |a License restrictions may limit access. 
515 |a None issued fall 1994 and spring 1995? 
538 |a Mode of access: World Wide Web. 
588 |a Final issue consulted (viewed Dec. 28, 2007). 
588 0 |a First issue; title from table of contents page (Hein Online, viewed Dec. 28, 2007). 
650 0 |a Civil rights  |z United States  |v Periodicals. 
650 0 |a Civil rights  |z Texas  |v Periodicals. 
650 7 |a Civil rights.  |2 fast  |0 (OCoLC)fst00862627 
651 7 |a Texas.  |2 fast  |0 (OCoLC)fst01210336 
651 7 |a United States.  |2 fast  |0 (OCoLC)fst01204155 
655 0 |a Electronic journals. 
710 2 |a University of Texas at Austin.  |b School of Law. 
710 2 |a State Bar of Texas.  |b Individual Rights and Responsibilities Section. 
776 0 8 |i Print version:  |t Texas forum on civil liberties & civil rights  |x 1085-942X  |w (DLC) 98644716  |w (OCoLC)32147279 
785 0 0 |t Texas journal on civil liberties & civil rights (Online)  |w (DLC) 2007266152  |w (OCoLC)55669668 
856 4 0 |z Full text available from Research Library: 01/01/2000 to Spring 2003  |u https://search.proquest.com/publication/29246